1631 1726 1332 1296 1447 1810 1824 1564 1403 1933 1737 1031 1519 1808 1995 1884 1838 1165 1858 1697 1128 1930 1259 1370 1434 1347 1909 1075 1734 1679 1199 1353 1172 1206 1981 1334 1411 1061 1758 1332 1734 1362 1057 1070 1322 1521 1312 1558 1393 1515 1668 1482 1113 1749 1975 1062 1761 1350 1863 1610 1170 1706 1004 1968 1027 1771 1332 1775 1796 1315 1605 1478 1803 1182 1249 1850 1923 1903 1819 1324 1353 1543 1346 1129 1842 1912 1823 1811 1218 1290 1786 1887 1696 1636 1660 1362 1053 1697 1223 BCNSPRNW ULIB Ver.6.0+V

เปลี่ยนเป็นภาษาไทย

Change to English
 แสดงรายละเอียดบรรณานุกรม
  กลับหน้าหลัก

Brief Record : Get Marc (ISO 2709) : E-mail record : QR code < ปิดหน้าต่าง
LEADER : 00000nam 2200000uu 4500
001    13399122744
003     ULIB
008    130910s2554||||th 000 0 tha d
020    ^a9789744226327
060 04 ^aWB105^bอ641
245 00 ^aอายุรศาสตร์ราชวิถี =^bEvidence-based practice in critical care medicine /^cบรรณาธิการ, ประเสริฐ ธนกิจจารุ
246 31 ^aEvidence-based practice in critical care medicine
250    ^aพิมพ์ครั้งที่ 1
260    ^aกรุงเทพฯ :^bกรุงเทพเวชสาร,^c2554
300    ^a[ก]-ญ, 696 หน้า :^bภาพประกอบ ;^c30 ซม.
650  4 ^aการดูแลผู้ป่วยระยะสุดท้าย
650  4 ^aการดูแลขั้นวิกฤต
650  4 ^aผู้ป่วยใกล้ตาย^xการรักษา
650  4 ^aผู้ป่วยใกล้ตาย^xการดูแล
650  4 ^aผู้ป่วยหนัก, การดูแล
650  4 ^aผู้ป่วยหนัก^xการรักษา
700 0  ^aประเสริฐ ธนกิจจารุ,^eบรรณาธิการ
945    ^p1600^l0^i20192
999    ^aทศพร
รายการนี้ยังไม่มีแท็ก
คุณยังไม่ได้ล็อกอิน คุณสามารถมีกิจกรรมร่วมกับเว็บไซต์ได้ แต่ต้องล็อกอินก่อน ::
  ล็อกอิน

รายการสื่อสารสนเทศ

ลำดับที่ ประเภท เลขเรียก/บาร์โค้ด สถานที่ สถานะ
1. วิทยาศาสตร์การแพทย์ และสุขภาพ
วิทยาศาสตร์การแพทย์ และสุขภาพ
สถานะ=หนังสือเก่า
WB105 อ641 ฉ.1 
  Barcode: 20192
ห้องสมุดวิทยาเขตนครสวรรค์
►ส่วนจัดเก็บหนังสือเก่า นว.
บนชั้น
  ขอยืม

รายการใกล้เคียง
    หัวเรื่อง [การดูแลผู้ป่วยระยะสุดท้าย]
    หัวเรื่อง [การดูแลขั้นวิกฤต]
    หัวเรื่อง [ผู้ป่วยหนัก, การดูแล]

BibComment


ยังไม่เคยถูกคอมเมนท์

คอมเมนท์ทรัพยากรรายการนี้
  คอมเมนท์: อายุรศาสตร์ราชวิ..


 Copyright 2026. Bcnsprnw @Library